Представление документа в формате RUSMARC

ПолеНазваниеЗначение
  Тип записи a
  Библиографический уровень a
001 Контрольный номер RU/CBS_UL/BASE/f4caefa45dc844229969affc35afec2b
005 Дата корректировки 20260122145810.9
100 Данные общей обработки __
a Данные общей обработки 20260122 ||| 0rusy0189 ca
101 Язык документа 0_
a Язык текста rus
102 Страна публикации __
a Страна публикации RU
200 Заглавие и сведения об ответственности 1_
a Заглавие Манифест или конституция?
e Сведения, относящиеся к заглавию [о Манифесте 17 октября 1905 года рассказывает доктор исторических наук К. Соловьёв]
f Первые сведения об ответственности К. Соловьёв
g Последующие сведения об ответственности бесед. В. Рудаков
300 Общие примечания __
a Общие примечания 12+
461 Уровень набора _0
1 2000
a Историк
463 Уровень физической единицы _0
1 2000
a № 10
v С. 6-13 : ил., фото
1 2101
d 2025
1 001RU/CBS_UL/BASE/ec52d7f4c9fd4293a989d31d55e6f095
600 Персоналии _1
a Персоналии (Фамилия) Николай II
606 Тематические рубрики 0_
a Основная рубрика Россия - История - 1905 г.
z Хронологическая подрубрика 1905 г.
610 Ключевые слова 0_
a Ключевые слова история России
610 Ключевые слова 0_
a Ключевые слова самодержавие
610 Ключевые слова 0_
a Ключевые слова русское самодержавие
610 Ключевые слова 0_
a Ключевые слова самодержавие русское
610 Ключевые слова 0_
a Ключевые слова русские революционеры
610 Ключевые слова 0_
a Ключевые слова революционные протесты
610 Ключевые слова 0_
a Ключевые слова политические реформы в России
610 Ключевые слова 0_
a Ключевые слова Манифест 1905 года
686 Индексы других классификаций __
2 Код системы rubbk
a Классификационный индекс 63.3(2)532
700 Автор _1
a Фамилия Соловьёв
b Имя (инициалы) К.
801 Источник записи _0
a Страна RU
b Организация МБУК ЦБС г. Ульяновска
c Дата составления 20260122
g Правила каталогизации RCR
801 Источник записи _1
a Страна RU
b Организация МБУК ЦБС г. Ульяновска
c Дата составления 20260122
g Правила каталогизации RCR
901 Тип документа __
t Тип документа b
w Контрольный № источника RU/CBS_UL/BASE/ec52d7f4c9fd4293a989d31d55e6f095
909 Создатель записи __
a Создатель записи lib2